| 000 | 01023nac a22003137a 4500 | ||
|---|---|---|---|
| 001 | BR2017001379 | ||
| 003 | BR-BrBNA | ||
| 005 | 20240105124042.0 | ||
| 008 | 230509b bl.|||m| |||| 00| 0 por d | ||
| 040 |
_aBR-BrBNA _bpor _cBiblioteca Nacional de Agricultura |
||
| 072 | _aM01 | ||
| 090 | _a8140 BR2017001379 | ||
| 110 | 1 |
_aInstituto Brasileiro do Meio Ambiente e dos Recursos Renováveis, Brasília, DF (Brasil) _95935 |
|
| 245 | 1 | _a5. Reunião do grupo permanente de estudos sobre a piramutaba | |
| 260 | 3 |
_aBrasília, DF (Brasil): _c1999. |
|
| 300 | _a92 p. | ||
| 490 |
_aColeção Meio Ambiente - Série Estudos Pesca (Brazil) _vno. 26 _xISSN 0103-9695 |
||
| 500 | _a12 illus.; 17 tables | ||
| 650 | _aPIRAMUTABA | ||
| 650 | _aPEIXE DE ÁGUA DOCE | ||
| 650 | _aPESCA ARTESANAL | ||
| 650 | _aBENEFICIAMENTO | ||
| 650 | _aFINANCIAMENTO | ||
| 650 | _aINDUSTRIALIZAÇÃO | ||
| 650 | _aESTOCAGEM | ||
| 650 | _aEXPORTAÇÃO | ||
| 909 |
_a202312 _bLúcia Elande _c55 _dLúcia Elande |
||
| 942 |
_2AGRIS _n0 _cMS |
||
| 999 |
_c298161 _d298161 |
||